000 00404cam a2200169 4500
001 D12898
008 090401t1962 xxu||||| |||| 00| 0 eng d
035 _a(Sirsi) u6564
041 _aeng
100 _aHart, Cyril E
245 _aPractical forestry for the agent and surveyor
260 _aLondon
_bEstates Gazette
_c1962
350 _a0
520 _aShelf 116
942 _n0
948 _c04/03/1997
999 _c86324
_d86324